| 000 | 00698nam a22002417a 4500 | ||
|---|---|---|---|
| 001 | 37335 | ||
| 003 | UA-OsUOA | ||
| 005 | 20201218222329.0 | ||
| 007 | ta | ||
| 008 | 20060306b un ||||| |||| 00| 0 ukr d | ||
| 020 | _a966-574-119-5 | ||
| 040 |
_aUA-OsUOA _bukr _cUA-OsUOA _dUA-OsUOA |
||
| 041 | _aukr | ||
| 080 | _a339.1(075.8) | ||
| 090 |
_a339.1(075.8) _bР69 |
||
| 100 | _aРомашко О. Ю. | ||
| 245 |
_aРегулювання міжнародних фондових ринків _bнавч. посіб. |
||
| 260 |
_aК. _bКНЕУ _c2000 |
||
| 300 | _a240 с. | ||
| 650 | 7 |
_a339.1 Загальні питання торгівлі. Ринок _2UDC |
|
| 942 |
_cBK _2udc |
||
| 955 | _a2 | ||
| 999 |
_c323535 _d323535 |
||